| Tag |
First Indicator |
Second Indicator |
Subfields |
| LEADER |
00000cam a2200000 a 4500 |
| 001 |
in00000013129 |
| 005 |
20151007052330.0 |
| 008 |
871203s1987 ck a b f00110 spa d |
| 035 |
|
|
|a (OCoLC)17164674
|
| 035 |
|
|
|9 AAA7340AM
|
| 040 |
|
|
|a WIX
|c WIX
|d TXA
|d UtOrBLW
|
| 049 |
|
|
|a TXAM
|c [A11044103]
|
| 050 |
|
4 |
|a HC196
|b .A4 1987
|
| 245 |
0 |
0 |
|a Así estamos cumpliendo :
|b plan de economía social, agosto 1987 : [planes y programas de desarrollo económico y social, 1987-1990] /
|c [Virgilio Barco, Presidente de la República, María Mercedes de Martínez, Jefe del Departamento Nacional de Planeación].
|
| 250 |
|
|
|a 1a ed.
|
| 264 |
|
1 |
|a Bogotá :
|b República de Colombia, Departamento Nacional de Planeación,
|c 1987.
|
| 300 |
|
|
|a 535 pages :
|b illustrations (some color) ;
|c 24 cm.
|
| 336 |
|
|
|a text
|b txt
|2 rdacontent
|
| 337 |
|
|
|a unmediated
|b n
|2 rdamedia
|
| 338 |
|
|
|a volume
|b nc
|2 rdacarrier
|
| 500 |
|
|
|a Spine title: Plan de economía social.
|
| 504 |
|
|
|a Includes bibliographical references and index.
|
| 650 |
|
0 |
|a Economic policy
|z Colombia.
|
| 710 |
1 |
|
|a Colombia.
|b President (1986- : Barco Vargas)
|
| 710 |
1 |
|
|a Colombia.
|b Departamento Nacional de Planeación.
|
| 740 |
0 |
|
|a Plan de economía social
|
| 999 |
|
|
|a MARS
|
| 999 |
f |
f |
|s ba37bdb3-dcd4-36b5-88fb-5f1a9b1d6182
|i 5138419f-c6ff-3eef-b07c-5b9987c58a96
|t 0
|
| 952 |
f |
f |
|p ric
|a Texas A&M University
|b Rellis Campus
|c Joint Library Facility
|d Remote Storage
|t 0
|e HC196 .A4 1987
|h Library of Congress classification
|i unmediated -- volume
|m A14811044103
|
| 998 |
f |
f |
|a HC196 .A4 1987
|t 0
|l Remote Storage
|